01627nam a22002417a 450000500170000001000160001702000260003302000230005903500130008203700130009508200110010824501220011926000390024127000600028030000340034052007280037465000570110265000420115965000180120194200250121999900170124495201240126120160106105907.0 a ENG-114366 a9789339221270c199.00 a9339221273c199.00 aEN-97898 bDBAD/PUB a005.74 aUnderstanding big data :cby Paul C. Zikopoulos...[et al]banalytics for enterprise class Hadoop and streaming data / aNoidabMcGraw Hill Educationc2015 aB-4, Sector-63, Dist. Gautam Budh Nagar bNoidae201301 axxxi,141p. :c22cm(pbk)bill. a "Big Data represents a new era in data exploration and utilization, and IBM is uniquely positioned to help clients navigate this transformation. This book reveals how IBM is leveraging open source Big Data technology, infused with IBM technologies, to deliver a robust, secure, highly available, enterprise-class Big Data platform. The three defining characteristics of Big Data-volume, variety, and velocity-are discussed. You'll get a primer on Hadoop and how IBM is hardening it for the enterprise, and learn when to leverage IBM InfoSphere BigInsights (Big Data at rest) and IBM InfoSphere Streams (Big Data in motion) technologies. Industry use cases are also included in this practical guide."-- |c Page 4 of cover. aElectronic data processing xDistributed processing. a File organization (Computer science) a Data mining. 2ddccENmUNDh005.74 c97890d97890 001040718NFICaDBADbDBADd2015-10-21eDBAD/PUBg199.00l0o005.74 UNDpEN-97898r2015-10-21 00:00:00t1v199.00yEN